000 02550cam a22004094i 4500
999 _c63676
_d63676
001 768714001
003 CO-MdFUSB
005 20200414144357.0
007 cr cn|||||||||
008 130205t2013 sp ||||gs|||||||||||spa d
020 _a9788499455181
_zelectrónico
040 _aCO-MdFUSBC
_bspa.
_cCO-MdFUSB
_dCO-MdFUSBC
_erda
041 _aspa
082 0 4 _a210
_223
100 1 _aTuriot, Cécile.
_eautor
240 _aLectures figuratives de la Bible.
245 1 0 _aLecturas figurativas de la Biblia
_c/ Cécile Turiot ; traducido por Pedro Barrado y Mª del Pilar Salas
_h[recurso electrónico]
264 1 _aEspaña :
_bVerbo Divino,
_c[2013]
264 4 _c© 2013
300 _arecurso en línea (62 páginas)
_c;
336 _2rdacontent
_atexto
_btxt
337 _2rdamedia
_ainformático
_bn
338 _2rdacarrier
_aremoto
_bnc
347 _2rda
_afichero de texto
_bHtml
490 1 _aCuadernos Bíblicos
505 _aLecturas figurativas de la Biblia Introducción Lección 1: la curación de un niño poseído (Mc 9,14-29) El lugar del lector Leer el texto La estructura narrativa Una figura del texto entre otras Lección 2: La curación de Naamán (2 Re 5,1-19) Leer el texto La estructura narrativa Lo figurativo Las originalidades del texto Lección 3: el sueño de Jacob en Betel (Gn 28,10-22) Primera lectura Análisis figurativo Desafíos metodológicos ¿Qué es una figura? Lección 4: el becerro de oro (Ex 31,18– 32,29) Primera lectura Análisis figurativo Prolongaciones teológicas 3 4 8 14 21 28 Lección 5: la mujer adúltera (Jn 8,2-12) Leer el texto Análisis narrativo Análisis figurativo Lección 6: la parábola de la cizaña y su explicación (Mt 13,24-30.34-43) Leer el texto Dimensión figurativa y enunciación Función de la parábola Lección 7: Salmo 1 e himno (Flp 2,5-11) Leer el Salmo 1 Análisis figurativo Para ir más allá Leer el himno Análisis narrativo Análisis figurativo Para ir más allá Conclusión Para saber más Lista de recuadros.
516 _aTexto electrónico
538 _aAcceso a Internet; requiere usuario y clave asignada por la biblioteca
650 4 _aReligión.
700 1 _aBarrado, Pedro.
_etraductor
700 1 _aSalas, María del Pilar.
_etraductor
830 _aCuadernos Bíblicos
_v139
856 4 0 _uhttp://site.ebrary.com/lib/unisbcsp/Doc?id=10693239
_b10693239
_zAbrir Versión electrónica del libro Lecturas figurativas de la Biblia
942 _cBK
945 _aJTF-925